Río Magdalena : Informe social, económico y ambiental (Registro nro. 8141)

Detalles MARC
000 -CABECERA
Campo de control 00799nam a22002057a 4500
005 - FECHA Y HORA DE LA ULTIMA TRANSACCION
Campo de control 20151003020002.0
008 - ELEMENTOS DE LONGITUD FIJA—INFORMACION GENERAL
Campo de control 140224b2013 ck ||||| |||| 00| 0 spa d
020 ## - ISBN
ISBN 9789587341348
041 ## - IDIOMA
Código de idioma para texto/pista de sonido o título separado Español
044 ## - PAÍS DE PUBLICACIÓN
País de publicación Colombia
082 ## - NUMERO DE CLASIFICACION DECIMAL DEWEY
Número de clasificación 551.483
Número del ítem P96r
245 ## - MENCION DE TITULO
Título Río Magdalena : Informe social, económico y ambiental
260 ## - PUBLICACION, DISTRIBUCION, ETC. (PIE DE IMPRENTA)
Lugar de publicación, distribución, etc. Bogotá
Nombre del editor, distribuidor, etc. Procuraduría Delegada para Asuntos Ambientales y Agrarios.
-- Instituto de Estudios del Ministerio Público IEMP
Fecha de publicación, distribución, etc. 2013
300 ## - DESCRIPCION FISICA
Extensión 274 p.
Otros detalles físicos tablas, gráficas
Dimensiones 28 cm.
504 ## - NOTA DE BIBLIOGRAFIA, ETC.
Nota de bibliografía Incluye referencias bibliográficas (p. 268 -274)
650 #6 - ASIENTO SECUNDARIO DE MATERIA - TERMINO TEMATICO
Término temático o nombre geográfico como elemento de entrada Contaminación del agua.
651 #6 - ASIENTO SECUNDARIO DE MATERIA - NOMBRE GEOGRAFICO
Nombre geográfico Magdalena (Río, Colombia)
Subdivisión general Contaminación
651 #6 - ASIENTO SECUNDARIO DE MATERIA - NOMBRE GEOGRAFICO
Nombre geográfico Magdalena (Río, Colombia)
Subdivisión general Aspectos ambientales
-- Aspectos sociales
942 ## - ELEMENTOS ADICIONALES (KOHA)
Sistema de clasificación Dewey Decimal Classification
Tipo de ítem Folleto
Koha issues (borrowed), all copies 3
Existencias
Withdrawn status Lost status Sistema de Clasificación Damaged status No para préstamo Colección Inventariado Ubicación Permanente Ubicación actual Fecha de adquisición Total Checkouts Número topográfico Inventario / Código de Barras Date last seen Date checked out Ejemplar Price effective from Forma de adquisición Tipo de material
    Dewey Decimal Classification     General Inventariado 2017 Bogotá Bogotá 24/02/2014 3 LB-551.483 P96r 059888 02/10/2015 02/10/2015 Ej. 1 24/02/2014   Folleto